[Event "GER-ch68 V07 email"]
[Site "GER email"]
[Date "2012.01.28"]
[Round "?"]
[White "Lau, Wolfgang"]
[Black "Traut, Gerhard"]
[Result "1/2-1/2"]
[WhiteElo "1964"]
[BlackElo "1860"]
[PlyCount "87"]
[EventDate "2012.02.13"]
[EventType "tourn (corr)"]
[EventRounds "6"]
[EventCountry "GER"]
[SourceTitle "Corr 2015"]
[Source "ChessBase"]
[SourceDate "2015.07.17"]
[SourceVersion "1"]
[SourceVersionDate "2015.07.17"]
[SourceQuality "1"]
[WhiteTeam "Germany"]
[BlackTeam "Germany"]
[WhiteTeamCountry "GER"]
[BlackTeamCountry "GER"]

1. d4 Nf6 2. c4 g6 3. Nc3 d5 4. cxd5 Nxd5 5. e4 Nxc3 6. bxc3 Bg7 7. Bc4 c5 8. Ne2 0-0 9. 0-0 Nc6 10. Be3 Bg4 11. f3 Na5 12. Bxf7+ Rxf7 13. fxg4 Rxf1+ 14. Kxf1 Qd6 15. e5 Qd5 16. Bf2 Rf8 17. Kg1 Bh6 18. Ng3 Nc4 19. dxc5 Qxe5 20. Qd4 Qxd4 21. cxd4 Nb2 22. Nf1 e5 23. dxe5 Nd3 24. Bg3 Re8 25. Rd1 Nxc5 26. h4 Kf7 27. Rd5 Ne4 28. Be1 Bf8 29. Ng3 Nxg3 30. Bxg3 Ke6 31. Rd3 Rc8 32. Bf4 Rc2 33. Rd8 Bc5+ 34. Kh2 b5 35. Re8+ Kd5 36. Rh8 Rf2 37. Bg5 Rxa2 38. Rxh7 Kxe5 39. h5 gxh5 40. gxh5 Kf5 41. Be7 Bd4 42. Kh3 a5 43. g4+ Ke6 44. Bf8 1/2-1/2

[Event "GER-ch68 V07 email"]
[Site "GER email"]
[Date "2012.01.28"]
[Round "?"]
[White "Sirvent, Ricardo"]
[Black "Lau, Wolfgang"]
[Result "1-0"]
[WhiteElo "2091"]
[BlackElo "1964"]
[PlyCount "81"]
[EventDate "2012.02.13"]
[EventType "tourn (corr)"]
[EventRounds "6"]
[EventCountry "GER"]
[SourceTitle "Corr 2015"]
[Source "ChessBase"]
[SourceDate "2015.07.17"]
[SourceVersion "1"]
[SourceVersionDate "2015.07.17"]
[SourceQuality "1"]
[WhiteTeam "Germany"]
[BlackTeam "Germany"]
[WhiteTeamCountry "GER"]
[BlackTeamCountry "GER"]

1. e4 e5 2. Nf3 Nc6 3. Bb5 a6 4. Ba4 Nf6 5. 0-0 Be7 6. Re1 b5 7. Bb3 d6 8. c3 0-0 9. h3 Na5 10. Bc2 c5 11. d4 Qc7 12. d5 Bd7 13. b3 Nb7 14. Nbd2 a5 15. c4 a4 16. bxa4 bxa4 17. Nb1 Rfb8 18. Na3 Na5 19. Bd2 Qc8 20. Qe2 Qa6 21. Bd3 g6 22. Rab1 Ne8 23. Red1 Bd8 24. Rdc1 f5 25. exf5 gxf5 26. Ng5 Ng7 27. g4 Bxg5 28. Bxg5 e4 29. Rxb8+ Rxb8 30. Bb1 Qc8 31. Bd2 Nb7 32. Rc3 Qe8 33. Rg3 Nd8 34. gxf5 Bxf5 35. Bc3 Bg6 36. Nb5 Nf5 37. Rg4 Nd4 38. Bxd4 cxd4 39. Bxe4 Nf7 40. Nxd4 Kh8 41. Qf3 1-0

[Event "GER-ch66 V06 email"]
[Site "GER email"]
[Date "2011.10.24"]
[Round "?"]
[White "Langheld, Werner"]
[Black "Lau, Wolfgang"]
[Result "1-0"]
[WhiteElo "2060"]
[BlackElo "2009"]
[PlyCount "85"]
[EventDate "2011.10.31"]
[EventType "tourn (corr)"]
[EventRounds "6"]
[EventCountry "GER"]
[SourceTitle "Corr 2015"]
[Source "ChessBase"]
[SourceDate "2015.07.17"]
[SourceVersion "1"]
[SourceVersionDate "2015.07.17"]
[SourceQuality "1"]
[WhiteTeam "Germany"]
[BlackTeam "Germany"]
[WhiteTeamCountry "GER"]
[BlackTeamCountry "GER"]

1. e4 e6 2. d4 d5 3. Nc3 Nf6 4. e5 Nfd7 5. Nce2 c5 6. c3 Nc6 7. f4 f6 8. Nf3 Qb6 9. g3 fxe5 10. dxe5 Be7 11. b3 Qa5 12. Bh3 Nb6 13. 0-0 Bd7 14. Ng5 Bxg5 15. fxg5 0-0-0 16. Bd2 Nxe5 17. Nf4 c4 18. Re1 Ng6 19. Nxe6 Bxe6 20. Bxe6+ Kb8 21. Be3 Qxc3 22. Bd4 Qb4 23. Bxg7 Rhe8 24. Bf6 Rd6 25. Bf5 Rxe1+ 26. Qxe1 Qc5+ 27. Qf2 Qxf2+ 28. Kxf2 Nd7 29. Bd4 Kc7 30. h4 Ngf8 31. bxc4 dxc4 32. Ke3 Ra6 33. a4 Ra5 34. Be4 Ra6 35. Rb1 Rxa4 36. Rxb7+ Kd6 37. Rxa7 Rxa7 38. Bxa7 Ne5 39. Bb8+ Ke6 40. Kd4 Nfd7 41. Bd5+ Kf5 42. Bxe5 Nxe5 43. Be4+ 1-0

[Event "GER-ch66 V06 email"]
[Site "GER email"]
[Date "2011.10.24"]
[Round "?"]
[White "Wagner, Richard"]
[Black "Lau, Wolfgang"]
[Result "1-0"]
[WhiteElo "2200"]
[BlackElo "2009"]
[PlyCount "57"]
[EventDate "2011.10.31"]
[EventType "tourn (corr)"]
[EventRounds "6"]
[EventCountry "GER"]
[SourceTitle "Corr 2015"]
[Source "ChessBase"]
[SourceDate "2015.07.17"]
[SourceVersion "1"]
[SourceVersionDate "2015.07.17"]
[SourceQuality "1"]
[WhiteTeam "Germany"]
[BlackTeam "Germany"]
[WhiteTeamCountry "GER"]
[BlackTeamCountry "GER"]

1. e4 e6 2. d4 d5 3. Nd2 c5 4. Ngf3 Nf6 5. exd5 Nxd5 6. Nb3 cxd4 7. Nbxd4 Bd7 8. Be2 Nc6 9. 0-0 Nxd4 10. Qxd4 f6 11. Rd1 Qb6 12. Qe4 0-0-0 13. c4 Nc7 14. Be3 Bc5 15. Bxc5 Qxc5 16. Nd4 Qe5 17. Qxe5 fxe5 18. Nf3 e4 19. Ng5 e3 20. Nf7 exf2+ 21. Kf1 Rdf8 22. Nxh8 e5 23. Rd6 Rxh8 24. Rad1 Bf5 25. Kxf2 g6 26. Ke3 Re8 27. c5 Ne6 28. g4 Bc2 29. Bb5 1-0

[Event "GER MS-121 email"]
[Site "GER email"]
[Date "2011.01.30"]
[Round "?"]
[White "Jacobs, Rudolf"]
[Black "Lau, Wolfgang"]
[Result "1-0"]
[WhiteElo "2159"]
[BlackElo "2033"]
[PlyCount "69"]
[EventDate "2011.02.07"]
[EventType "tourn (corr)"]
[EventRounds "6"]
[EventCountry "GER"]
[SourceTitle "Corr 2015"]
[Source "ChessBase"]
[SourceDate "2015.07.17"]
[SourceVersion "1"]
[SourceVersionDate "2015.07.17"]
[SourceQuality "1"]
[WhiteTeam "Germany"]
[BlackTeam "Latvia"]
[WhiteTeamCountry "GER"]
[BlackTeamCountry "LAT"]

1. d4 Nf6 2. c4 e6 3. Nf3 Bb4+ 4. Nbd2 b6 5. a3 Bxd2+ 6. Qxd2 Bb7 7. e3 0-0 8. Be2 d6 9. 0-0 Nbd7 10. b4 Qe7 11. Bb2 Ne4 12. Qc2 f5 13. d5 e5 14. Nd2 Nxd2 15. Qxd2 c6 16. f4 exf4 17. dxc6 Bxc6 18. exf4 Nf6 19. a4 a5 20. b5 Bb7 21. Bd3 Qc7 22. Ba3 Rae8 23. Qa2 Be4 24. c5+ d5 25. Bxe4 Rxe4 26. c6 Rfe8 27. Bb2 Re2 28. Qb1 Qd6 29. Bd4 Ne4 30. Bxb6 Qb8 31. Bd4 Qd6 32. Re1 Ng3 33. hxg3 Rxe1+ 34. Qxe1 Rxe1+ 35. Rxe1 1-0

[Event "GER MS-121 email"]
[Site "GER email"]
[Date "2011.01.30"]
[Round "?"]
[White "Lau, Wolfgang"]
[Black "Hanel, Roland"]
[Result "0-1"]
[WhiteElo "2033"]
[BlackElo "2038"]
[PlyCount "56"]
[EventDate "2011.02.07"]
[EventType "tourn (corr)"]
[EventRounds "6"]
[EventCountry "GER"]
[SourceTitle "Corr 2015"]
[Source "ChessBase"]
[SourceDate "2015.07.17"]
[SourceVersion "1"]
[SourceVersionDate "2015.07.17"]
[SourceQuality "1"]
[WhiteTeam "Germany"]
[BlackTeam "Latvia"]
[WhiteTeamCountry "GER"]
[BlackTeamCountry "LAT"]

1. e4 c5 2. Nf3 d6 3. d4 cxd4 4. Nxd4 Nf6 5. Nc3 a6 6. Bg5 e6 7. f4 h6 8. Bh4 Be7 9. Qf3 0-0 10. 0-0-0 Bd7 11. g4 Nc6 12. Nb3 Qc7 13. Rg1 g6 14. a3 b5 15. Qe3 Rfc8 16. Rg2 b4 17. axb4 Nxb4 18. e5 Nfd5 19. Rxd5 Bxh4 20. Rxd6 a5 21. Kb1 a4 22. Nc5 Bc6 23. Nxe6 fxe6 24. Rxe6 Kh7 25. Bd3 Nxd3 26. Qxd3 Qf7 27. f5 Qb7 28. f6 Bxg2 0-1

[Event "GER MS-121 email"]
[Site "GER email"]
[Date "2011.01.30"]
[Round "?"]
[White "Lau, Wolfgang"]
[Black "Kuehn, Juergen"]
[Result "1/2-1/2"]
[WhiteElo "2033"]
[BlackElo "2054"]
[PlyCount "65"]
[EventDate "2011.02.07"]
[EventType "tourn (corr)"]
[EventRounds "6"]
[EventCountry "GER"]
[SourceTitle "Corr 2015"]
[Source "ChessBase"]
[SourceDate "2015.07.17"]
[SourceVersion "1"]
[SourceVersionDate "2015.07.17"]
[SourceQuality "1"]
[WhiteTeam "Germany"]
[BlackTeam "Latvia"]
[WhiteTeamCountry "GER"]
[BlackTeamCountry "LAT"]

1. d4 d5 2. Nf3 Nf6 3. c4 c6 4. Nc3 e6 5. Bg5 h6 6. Bxf6 Qxf6 7. e3 Nd7 8. Bd3 dxc4 9. Bxc4 g6 10. 0-0 Bg7 11. Ne4 Qe7 12. Qc2 0-0 13. Bb3 e5 14. Rad1 exd4 15. exd4 Nf6 16. Ne5 Nd5 17. Bxd5 cxd5 18. Nc3 Be6 19. Rfe1 Rfe8 20. Re2 Qd6 21. Rde1 Re7 22. Qd2 a6 23. Qf4 Rd8 24. g4 Bc8 25. h3 b5 26. a3 Bb7 27. Re3 Qf6 28. Qxf6 Bxf6 29. Kg2 Bg5 30. R3e2 Rc7 31. Kg3 Kf8 32. h4 Be7 33. Nd1 1/2-1/2

[Event "GER MS-121 email"]
[Site "GER email"]
[Date "2011.01.30"]
[Round "?"]
[White "Lau, Wolfgang"]
[Black "Preusse, Goetz"]
[Result "1-0"]
[WhiteElo "2033"]
[BlackElo "1918"]
[PlyCount "77"]
[EventDate "2011.02.07"]
[EventType "tourn (corr)"]
[EventRounds "6"]
[EventCountry "GER"]
[SourceTitle "Corr 2015"]
[Source "ChessBase"]
[SourceDate "2015.07.17"]
[SourceVersion "1"]
[SourceVersionDate "2015.07.17"]
[SourceQuality "1"]
[WhiteTeam "Germany"]
[BlackTeam "Latvia"]
[WhiteTeamCountry "GER"]
[BlackTeamCountry "LAT"]

1. e4 e6 2. d4 d5 3. Nc3 Bb4 4. e5 c5 5. a3 Bxc3+ 6. bxc3 Ne7 7. Qg4 Qc7 8. Qxg7 Rg8 9. Qxh7 cxd4 10. Ne2 dxc3 11. f4 Nbc6 12. Rb1 Bd7 13. Qd3 0-0-0 14. Qxc3 Nf5 15. h3 Kb8 16. g4 Nh4 17. Kf2 b6 18. Be3 Rc8 19. Rg1 Ng6 20. Rg3 Qb7 21. Qe1 Na5 22. Nd4 Ne7 23. Bd2 Nc4 24. Bb4 Nc6 25. Nxc6+ Bxc6 26. Bxc4 dxc4 27. h4 Rh8 28. h5 Ka8 29. Qe2 Bd5 30. Rh3 Bg2 31. Rh2 Bd5 32. h6 Qc6 33. Be7 Rh7 34. Qe3 Qe8 35. Bf6 Qg8 36. Kg3 Qg6 37. Bg7 Be4 38. Qc3 Rxh6 39. Bxh6 1-0

[Event "Liechtenstein Seniors op 09th"]
[Site "Triesen"]
[Date "2009.05.21"]
[Round "7"]
[White "Kock, Hans Uwe"]
[Black "Lau, Wolfgang"]
[Result "1/2-1/2"]
[WhiteElo "2169"]
[BlackElo "1944"]
[PlyCount "68"]
[EventDate "2009.05.15"]
[EventType "swiss"]
[EventRounds "9"]
[EventCountry "LIE"]
[SourceTitle "CBM 130 Extra"]
[Source "ChessBase"]
[SourceDate "2009.07.02"]
[SourceVersion "2"]
[SourceVersionDate "2009.07.15"]
[SourceQuality "1"]

1. d4 Nf6 2. c4 e6 3. a3 b6 4. Nf3 Bb7 5. Nbd2 d5 6. e3 Be7 7. Bd3 0-0 8. 0-0 dxc4 9. Nxc4 c5 10. dxc5 Bxc5 11. b4 Be7 12. Bb2 Bxf3 13. gxf3 Nd5 14. Ne5 Bf6 15. Qe2 Nd7 16. Nc6 Qc7 17. Rac1 Qd6 18. Rfd1 Rfc8 19. b5 Bxb2 20. Qxb2 Qf8 21. Bf1 Nc5 22. f4 a6 23. Nd4 Na4 24. Qb3 Nc5 25. Qa2 a5 26. Nc6 Ne7 27. Nd4 Na4 28. Qa1 Rxc1 29. Rxc1 Rc8 30. Bg2 Rxc1+ 31. Qxc1 Qc8 32. Bc6 Qc7 33. Qd1 Nc5 34. Qg4 Qd6 1/2-1/2

[Event "Liechtenstein Seniors op 09th"]
[Site "Triesen"]
[Date "2009.05.19"]
[Round "5"]
[White "Isler, Peter"]
[Black "Lau, Wolfgang"]
[Result "0-1"]
[WhiteElo "2030"]
[BlackElo "1944"]
[PlyCount "72"]
[EventDate "2009.05.15"]
[EventType "swiss"]
[EventRounds "9"]
[EventCountry "LIE"]
[SourceTitle "CBM 130 Extra"]
[Source "ChessBase"]
[SourceDate "2009.07.02"]
[SourceVersion "2"]
[SourceVersionDate "2009.07.15"]
[SourceQuality "1"]

1. e4 e5 2. Nf3 Nc6 3. Nc3 Nf6 4. d4 exd4 5. Nxd4 Bc5 6. Nb3 Bb4 7. Bd3 d6 8. 0-0 0-0 9. Bg5 h6 10. Bh4 Bxc3 11. bxc3 Ne5 12. f4 Ng6 13. Bg3 Bg4 14. Qd2 Nh5 15. Bf2 Nhxf4 16. Be3 Nxd3 17. cxd3 d5 18. h3 Bc8 19. exd5 Qxd5 20. c4 Qh5 21. Qf2 b6 22. d4 Ba6 23. Rac1 Rae8 24. Rc2 Re7 25. Bc1 f5 26. Ba3 c5 27. dxc5 Re4 28. Nd2 Re2 29. Qd4 Bb7 30. Rf2 Rfe8 31. Nf3 Bxf3 32. gxf3 Rxc2 33. Rxc2 Ne5 34. Qd5+ Kh7 35. Rf2 Qxh3 36. Bb2 Nd3 0-1

[Event "Liechtenstein Seniors op 08th"]
[Site "Triesen"]
[Date "2008.04.29"]
[Round "5"]
[White "Karl, Hans"]
[Black "Lau, Wolfgang"]
[Result "1-0"]
[WhiteElo "2240"]
[BlackElo "1950"]
[PlyCount "57"]
[EventDate "2008.04.25"]
[EventType "swiss"]
[EventRounds "9"]
[EventCountry "LIE"]
[SourceTitle "CBM 124 Extra"]
[Source "ChessBase"]
[SourceDate "2008.07.03"]
[SourceVersion "1"]
[SourceVersionDate "2008.07.03"]
[SourceQuality "1"]

1. d4 Nf6 2. c4 d5 3. cxd5 Nxd5 4. e4 Nb6 5. Nc3 e6 6. Be3 Be7 7. Nf3 0-0 8. Bd3 N8d7 9. Qe2 c5 10. Rd1 a6 11. 0-0 Qe8 12. Rfe1 cxd4 13. Bxd4 f6 14. Qe3 Bd8 15. e5 f5 16. a4 a5 17. Bb5 Qe7 18. Rd3 f4 19. Qd2 Bc7 20. Ne4 Nd5 21. Rc1 Bb6 22. Bxd7 Qxd7 23. Bxb6 Qxa4 24. Nc3 Nxc3 25. Rcxc3 Ra6 26. Bc5 Re8 27. h4 b6 28. Ba3 b5 29. Rd8 1-0

[Event "Liechtenstein Seniors op 07th"]
[Site "Triesen"]
[Date "2007.05.16"]
[Round "6"]
[White "Lau, Wolfgang"]
[Black "Weder, Hanspeter"]
[Result "1/2-1/2"]
[WhiteElo "1937"]
[BlackElo "2012"]
[PlyCount "47"]
[EventDate "2007.05.11"]
[EventType "swiss"]
[EventRounds "9"]
[EventCountry "LIE"]
[SourceTitle "EXT 2010"]
[Source "ChessBase"]
[SourceDate "2010.11.25"]
[SourceVersion "1"]
[SourceVersionDate "2010.11.25"]
[SourceQuality "1"]

1. e4 c5 2. Nf3 d6 3. d4 cxd4 4. Nxd4 Nf6 5. Nc3 a6 6. Be2 e6 7. Be3 Be7 8. 0-0 0-0 9. Qe1 Nc6 10. Kh1 Qc7 11. f4 Bd7 12. Qg3 Kh8 13. Rad1 Rg8 14. Nxc6 Bxc6 15. Bd3 Nd7 16. e5 g6 17. exd6 Bxd6 18. Ne4 Bxe4 19. Bxe4 Bf8 20. Qf2 Nf6 21. Bf3 Bg7 22. c3 Rac8 23. Rd2 Rge8 24. Rfd1 1/2-1/2

[Event "Oberliga Ost-B 0304"]
[Site "Germany"]
[Date "2003.11.22"]
[Round "2.8"]
[White "Lau, Wolfgang"]
[Black "Vieweg, Klaus"]
[Result "1/2-1/2"]
[WhiteElo "1970"]
[BlackElo "2168"]
[PlyCount "32"]
[EventDate "2003.11.02"]
[EventType "team-tourn"]
[EventRounds "11"]
[EventCountry "GER"]
[SourceTitle "EXT 2005"]
[Source "ChessBase"]
[SourceDate "2004.11.15"]
[SourceVersion "1"]
[SourceVersionDate "2004.11.15"]
[SourceQuality "1"]
[WhiteTeam "Wiesbaden"]
[BlackTeam "Jena Glas"]
[WhiteTeamCountry "GER"]
[BlackTeamCountry "GER"]

1. e4 e5 2. Nf3 Nc6 3. d4 exd4 4. Nxd4 Bc5 5. Be3 Qf6 6. c3 Nge7 7. g3 d5 8. Bg2 dxe4 9. 0-0 Nxd4 10. cxd4 Bb6 11. Nc3 0-0 12. Nxe4 Qg6 13. Nc5 c6 14. Re1 Nd5 15. Bxd5 cxd5 16. Bf4 Bxc5 1/2-1/2

[Event "GER-ch Seniors 15th"]
[Site "Bad Wiessee"]
[Date "2003.05.17"]
[Round "8"]
[White "Lau, Wolfgang"]
[Black "Frank, Werner"]
[Result "1-0"]
[WhiteElo "1967"]
[BlackElo "2163"]
[PlyCount "71"]
[EventDate "2003.05.??"]
[EventType "swiss"]
[EventRounds "9"]
[EventCountry "GER"]
[SourceTitle "EXT 2006"]
[Source "ChessBase"]
[SourceDate "2005.11.24"]
[SourceVersion "1"]
[SourceVersionDate "2005.11.24"]
[SourceQuality "1"]

1. e4 g6 2. d4 Bg7 3. Nc3 c6 4. Bc4 Nf6 5. e5 Ng8 6. Qf3 f5 7. Be3 d5 8. exd6 exd6 9. Bxg8 Rxg8 10. 0-0-0 Nd7 11. h4 Nf6 12. Bg5 Be6 13. d5 cxd5 14. Nxd5 Kf7 15. Nxf6 Bxf6 16. Qxb7+ Be7 17. Bxe7 Qxe7 18. Qxe7+ Kxe7 19. Nf3 Rgc8 20. Rhe1 Kd7 21. Nd4 Bg8 22. Rd2 Rab8 23. Rde2 Re8 24. Rxe8 Rxe8 25. Rxe8 Kxe8 26. Nb5 a6 27. Nc7+ Ke7 28. Nxa6 Ke6 29. Kd2 Ke5 30. a4 f4 31. a5 Bc4 32. Nc7 Bf1 33. g3 Kf5 34. b4 fxg3 35. fxg3 Kg4 36. Ke1 1-0

[Event "Oberliga Ost-B 0102"]
[Site "Germany"]
[Date "2001.11.10"]
[Round "2.8"]
[White "Lau, Wolfgang"]
[Black "Gmeiner, Peter"]
[Result "0-1"]
[WhiteElo "2016"]
[BlackElo "2190"]
[PlyCount "58"]
[EventDate "2001.10.07"]
[EventType "team"]
[EventRounds "11"]
[EventCountry "GER"]
[SourceTitle "EXT 2003"]
[Source "ChessBase"]
[SourceDate "2002.11.25"]
[SourceVersion "1"]
[SourceVersionDate "2002.11.25"]
[SourceQuality "1"]
[WhiteTeam "Wiesbaden"]
[BlackTeam "Offenbach"]
[WhiteTeamCountry "GER"]
[BlackTeamCountry "GER"]

1. e4 c5 2. Nf3 e6 3. d4 cxd4 4. Nxd4 Nc6 5. Be2 Nf6 6. Nxc6 bxc6 7. Nc3 d5 8. exd5 cxd5 9. 0-0 Bd6 10. Nb5 Bb8 11. Bg5 a6 12. Nd4 Qd6 13. Nf3 Ne4 14. Qc1 Nxg5 15. Qxg5 0-0 16. Rad1 e5 17. g3 h6 18. Qd2 Bb7 19. Nh4 Qf6 20. Qb4 Bc6 21. Ng2 d4 22. Ne1 a5 23. Qd2 Ba7 24. Qxa5 d3 25. Nxd3 Bd4 26. Qd2 Rfd8 27. Qc1 Qf5 28. Nb4 Bb7 29. c3 Qe4 0-1

[Event "Oberliga Ost-B 0102"]
[Site "Germany"]
[Date "2001.10.07"]
[Round "1.8"]
[White "Haubt, Georg"]
[Black "Lau, Wolfgang"]
[Result "1-0"]
[WhiteElo "2247"]
[BlackElo "2016"]
[PlyCount "71"]
[EventDate "2001.10.07"]
[EventType "team"]
[EventRounds "11"]
[EventCountry "GER"]
[SourceTitle "EXT 2003"]
[Source "ChessBase"]
[SourceDate "2002.11.25"]
[SourceVersion "1"]
[SourceVersionDate "2002.11.25"]
[SourceQuality "1"]
[WhiteTeam "Hofheim"]
[BlackTeam "Wiesbaden"]
[WhiteTeamCountry "GER"]
[BlackTeamCountry "GER"]

1. e4 e5 2. Nf3 Nc6 3. d4 exd4 4. Nxd4 Qh4 5. Nc3 Bb4 6. Be2 Bxc3+ 7. bxc3 Qxe4 8. Nb5 Kd8 9. 0-0 Nge7 10. Bf3 Qa4 11. Rb1 a6 12. Nd4 d6 13. Re1 Re8 14. Nxc6+ Nxc6 15. Bg5+ f6 16. Rxe8+ Kxe8 17. Qd5 Kf8 18. Bh5 Ne5 19. Re1 Qb5 20. Qe4 f5 21. Qh4 Bd7 22. Be2 Qc5 23. Qxh7 Re8 24. Qh8+ Kf7 25. Bh5+ Ng6 26. Rxe8 Bxe8 27. Qh7 Kf8 28. Bxg6 Bxg6 29. Qxg6 Qxc3 30. Qxf5+ Kg8 31. h4 a5 32. Kh2 b5 33. Qxb5 c6 34. Qb3+ Qxb3 35. axb3 Kf7 36. Bd2 1-0